000 00453cam a2200193ua 4500
020 _c0.30
041 _ahin
_h
082 _a891.54
_bGAN/PA
100 _aGandhiji, .
245 _aPanchayat raj /
_cGandhiji.
_hTextual Documents
250 _a1 /
_b.
260 _aAhmadabad :
_bNavajivan publishing house ,
_c1959.
300 _a42 ; .
365 _a0.30
504 _a
942 _cBK
999 _c8387
_d8387